| 000 | 00385nam a2200157Ia 4500 | ||
|---|---|---|---|
| 008 | 221030s9999 xx 000 0 und d | ||
| 020 | _a8175152699 | ||
| 041 | _aEnglish | ||
| 100 | _aR. Lafore | ||
| 245 | 0 |
_aObject - Oriented Programming in C++ _cby R. Lafore |
|
| 250 | _a3rd | ||
| 260 |
_bGalgotia Pub _aNew Delhi _c2013 |
||
| 300 | _a925 | ||
| 650 | _aBE Computer | ||
| 942 | _cBK | ||
| 999 |
_c14821 _d14821 |
||